| 000 | 00445nam a2200157 i 4500 | ||
|---|---|---|---|
| 001 | 87980 | ||
| 003 | ES-MaACL | ||
| 005 | 20230906175759.0 | ||
| 007 | t| | ||
| 008 | 041229s1971 sp ||||1| spa d | ||
| 100 | 1 |
_aLaevastu, T. _969459 |
|
| 245 | 1 | 0 |
_aManual de métodos de biología pesquera / _cT. Laevastu. |
| 260 |
_a[Zaragoza] : _bAcribia, _c[1971] |
||
| 300 |
_a243 p., 4 lám. : _bil. ; _c22 cm. |
||
| 852 |
_aES-MaACL _jC-46832 _bR.77266 |
||
| 999 |
_c87980 _d87980 |
||